000 00944nam a2200253 i 4500
001 104971
003 ES-MaACL
005 20230906183734.0
007 t|
008 060601s1964 sp a |||| | spa d
080 _a75(73)"19":061.43
245 0 0 _aExposición de artistas becarios Fulbright, 1963-1964 en España
_b: [Festivales de España, 1964].
260 _a[Madrid] :
_bPublicaciones Españolas,
_c[1964]
300 _a[32] p. :
_bil. ;
_c23 cm.
490 1 _aCuadernos de arte. Serie divulgación ;
_v5
585 _aCatálogo editado con motivo de la exposición en Festivales de España, 1964.
650 1 4 _aPintura norteamericana-
_yS.XX-
_xExposiciones.
_916069
655 7 _2tgfbne
_9193628
_aCatálogos de exposiciones
710 2 _aFestivales de España.
_94125
830 1 _aCuadernos de arte. Serie divulgación ;
_v5
_9184876
852 _aES-MaACL
_j2204-F-2
942 _2udc
999 _c104971
_d104971